| 000 | 00629nam a2200181 i 4500 | ||
|---|---|---|---|
| 001 | bg | ||
| 100 | 1 | _aFučadži, Konstantin Serafinovič. | |
| 245 | 1 | 0 |
_aZaporożec : _bbudowa, eksploatacja, naprawa / _cKonstantin S. Fucadżi, Nikolaj N. Strjuk ; tł. [z ros.] Adam Michalski. |
| 260 |
_aWarszawa : _bWydawnictwa Komunikacji i Łączności, _c1983. |
||
| 300 |
_as. 309, nlb. 3 : _brys., tab. |
||
| 500 | _a[Na k. tyt. aut.] : K. S. Fuczadżi, N. N. Strjuk. | ||
| 700 | 1 | _aStrjuk, Nikolaj Nikolaevič. | |
| 040 | _cBPK | ||
| 041 | _apol | ||
| 080 | _a629.114.6 | ||
| 942 | _cKS | ||
| 008 | s pl f |000 0 pol | ||
| 999 |
_c21945 _d21945 |
||
| 856 |
_uhttp://koha.tu.koszalin.pl/cgi-bin/koha/opac-detail.pl?biblionumber=21945 _yKatalog online BPK |
||